Géographie: Mots croisés - Statistiques

Statistiques générales
  • Ce quiz a été pris 4 367 fois
  • Le résultat moyen est 48 sur 73
Statistiques - réponses
Réponse % Correct
I
97%
B
94%
I
94%
A
93%
A
93%
A
93%
D
93%
E
93%
L
93%
L
93%
N
93%
R
93%
R
93%
S
93%
L
91%
N
91%
I
90%
N
86%
A
83%
I
83%
N
83%
R
83%
A
77%
M
77%
O
77%
O
76%
A
75%
D
75%
E
75%
U
75%
A
73%
D
73%
E
73%
R
73%
R
73%
A
69%
O
69%
E
68%
N
68%
T
68%
O
67%
D
65%
F
65%
I
65%
J
65%
K
64%
O
64%
S
64%
V
64%
A
52%
B
52%
H
52%
N
52%
O
52%
T
52%
U
52%
A
45%
D
43%
N
43%
U
43%
C
39%
I
39%
R
39%
B
36%
L
36%
M
36%
O
36%
A
21%
C
21%
G
21%
N
21%
U
21%
MADAGASCAR
11%
Aucun quiz correspondant
Distribution des résultats
% des personnes avec chaque résultat
Percentile par nombre de réponses
Votre historique - résultats
Vous n’avez pas pris ce quiz